00724nam a2200181 a 450000100100000000500170001000800410002702000180006804000250008608200150011110000360012624501470016226000610030930000280037050000700039850000420046870000320051000003448220200930073726.0111005s2009 mx a 000 0 spa d a9786079513825 aDO-SdBNPbspacBNPHU axxxbA581e1 aÁngel Mobarak, Gustavo A. del13aLa expropiación de la banca en México :bun ensayo de economía política /cGustavo A. del Ángel Mobarat, César Martinelli Montoya. aMéxico :bCentro de Estudios Espinosa Yglesias,c2009. a159 p. :bil. ;c24 cm. aIncluye datos biográficos del autor en la solapa de la cubierta aIncluye notas al pie de las páginas1 aMartinelli Montoya, César